[Event "73rd Tata Steel GMB"]
[Site "Wijk aan Zee NED"]
[Date "2011.01.18"]
[Round "4"]
[White "Fressinet, Laurent"]
[Black "Ganguly, Surya Shekhar"]
[Result "1-0"]
[WhiteTitle "GM"]
[BlackTitle "GM"]
[WhiteElo "2707"]
[BlackElo "2651"]
[WhiteFideId "608742"]
[BlackFideId "5002150"]
[EventDate "2011.01.14"]

1. Nf3 Nf6 2. c4 g6 3. Nc3 Bg7 4. e4 d6 5. d4 O-O 6. Be2 e5 7. O-O Nc6 8. d5 Ne7
9. Kh1 Ne8 10. Ne1 f5 11. exf5 Nxf5 12. Bd3 Nf6 13. Nf3 Qe7 14. Ne4 Nxe4 15.
Bxe4 Nd4 16. Bg5 Qf7 17. Qd3 Nxf3 18. Qxf3 Qxf3 19. gxf3 Bf5 20. Be3 a5 21. c5
dxc5 22. Bxc5 Rf7 23. Kg2 Rd8 24. Be3 Bf8 25. Rac1 Bd6 26. Rc4 Kf8 27. Rfc1 Ke8
28. Bc5 Kd7 29. b4 Rdf8 30. bxa5 Bxe4 31. fxe4 Bxc5 32. Rxc5 Rxf2+ 33. Kg1 Rb2
34. Rxc7+ Kd6 35. a6 Rff2 36. Rxh7 1-0

[Event "73rd Tata Steel GMB"]
[Site "Wijk aan Zee NED"]
[Date "2011.01.20"]
[Round "5"]
[White "Le, Quang Liem"]
[Black "Tkachiev, Vladislav"]
[Result "1/2-1/2"]
[WhiteTitle "GM"]
[BlackTitle "GM"]
[WhiteElo "2664"]
[BlackElo "2636"]
[WhiteFideId "12401137"]
[BlackFideId "618438"]
[EventDate "2011.01.14"]

1. c4 e6 2. d4 d5 3. Nc3 Be7 4. Nf3 Nf6 5. Bg5 h6 6. Bxf6 Bxf6 7. e3 O-O 8. Rc1
c6 9. Bd3 Nd7 10. O-O dxc4 11. Bxc4 e5 12. Ne4 exd4 13. Nxd4 Qe7 14. Nxf6+ Nxf6
15. Qc2 Rd8 16. Bb3 Bd7 17. h3 Rac8 18. Rfd1 Qe5 19. Qc4 Qe7 20. Bc2 b5 21. Qc3
Nd5 22. Qd3 Nf6 23. Qc3 Nd5 24. Qa5 Bxh3 25. gxh3 Nxe3 26. fxe3 Qxe3+ 27. Kg2
Qg5+ 28. Kf3 Qh5+ 29. Kf2 Qh4+ 30. Kg2 Qg5+ 31. Kh2 Qe5+ 32. Kh1 Qd5+ 33. Kg1
Qg5+ 34. Kf2 Qh4+ 35. Kg2 1/2-1/2

[Event "73rd Tata Steel GMB"]
[Site "Wijk aan Zee NED"]
[Date "2011.01.20"]
[Round "5"]
[White "Efimenko, Zahar"]
[Black "Navara, David"]
[Result "1-0"]
[WhiteTitle "GM"]
[BlackTitle "GM"]
[WhiteElo "2701"]
[BlackElo "2708"]
[WhiteFideId "14107201"]
[BlackFideId "309095"]
[EventDate "2011.01.14"]

1. e4 c5 2. Nf3 d6 3. d4 cxd4 4. Nxd4 Nf6 5. Nc3 a6 6. Be2 e6 7. O-O Be7 8. f4
O-O 9. a4 Nc6 10. Be3 Bd7 11. Kh1 Qc7 12. Qe1 Nxd4 13. Bxd4 Bc6 14. Qg3 b5 15.
axb5 axb5 16. Nxb5 Bxb5 17. Bxb5 Rxa1 18. Rxa1 Qxc2 19. Bd3 Qc7 20. b4 Nh5 21.
Qg4 Nf6 22. Qd1 e5 23. Ra7 Qd8 24. Bg1 exf4 25. b5 d5 26. e5 Ne4 27. Qc2 Ng5 28.
b6 f3 29. Qc7 fxg2+ 30. Kxg2 d4 31. Bc4 Qxc7 32. bxc7 Ne6 33. Bxe6 fxe6 34. Rb7
d3 35. Be3 1-0

[Event "73rd Tata Steel GMB"]
[Site "Wijk aan Zee NED"]
[Date "2011.01.20"]
[Round "5"]
[White "Ganguly, Surya Shekhar"]
[Black "So, Wesley"]
[Result "0-1"]
[WhiteTitle "GM"]
[BlackTitle "GM"]
[WhiteElo "2651"]
[BlackElo "2673"]
[WhiteFideId "5002150"]
[BlackFideId "5202213"]
[EventDate "2011.01.14"]

1. e4 e6 2. d4 d5 3. Nc3 Nf6 4. Bg5 dxe4 5. Nxe4 Be7 6. Bxf6 gxf6 7. Nf3 f5 8.
Nc3 a6 9. Qe2 b5 10. O-O-O b4 11. Na4 Qd5 12. Kb1 Nd7 13. Qe3 Bb7 14. b3 Rg8 15.
Rg1 O-O-O 16. Bc4 Qd6 17. h3 h5 18. Qe2 Bf6 19. g3 h4 20. gxh4 Rxg1 21. Rxg1 Kb8
22. Rd1 Qf4 23. Ng5 Nb6 24. Nxb6 cxb6 25. Qe3 Qxh4 26. Nxf7 Qh5 27. f3 Qxf7 28.
Bxe6 Qe7 29. Qf4+ Ka7 30. Bxf5 0-1

[Event "73rd Tata Steel GMB"]
[Site "Wijk aan Zee NED"]
[Date "2011.01.20"]
[Round "5"]
[White "Wojtaszek, Radoslaw"]
[Black "Nijboer, Friso"]
[Result "1-0"]
[WhiteTitle "GM"]
[BlackTitle "GM"]
[WhiteElo "2726"]
[BlackElo "2584"]
[WhiteFideId "1118358"]
[BlackFideId "1000063"]
[EventDate "2011.01.14"]

1. d4 Nf6 2. c4 g6 3. Nc3 Bg7 4. e4 d6 5. Nf3 O-O 6. Be2 e5 7. O-O Nc6 8. d5 Ne7
9. b4 Nh5 10. Re1 f5 11. Ng5 Nf6 12. f3 c6 13. Be3 Bh6 14. h4 cxd5 15. cxd5 Bd7
16. Qd2 f4 17. Bf2 Bxg5 18. hxg5 Nh5 19. Rac1 Nc8 20. Bb5 Rf7 21. Bxd7 Rxd7 22.
Rc2 Nb6 23. Rec1 Nc4 24. Qd3 Ne3 25. Bxe3 fxe3 26. Qxe3 Nf4 27. Ne2 Nxe2+ 28.
Rxe2 Rc7 29. Rec2 Rxc2 30. Rxc2 a5 31. b5 Rc8 32. Rxc8 Qxc8 33. Kh2 Qd8 34. b6
h6 35. gxh6 Kh7 36. Kg3 g5 37. Qc1 Kxh6 38. Qc7 Qf6 39. Kf2 g4 40. Ke2 gxf3+ 41.
gxf3 Qg6 42. Kd3 Qg2 43. Qxd6+ Kh7 44. Qd7+ 1-0

[Event "73rd Tata Steel GMB"]
[Site "Wijk aan Zee NED"]
[Date "2011.01.20"]
[Round "5"]
[White "Sargissian, Gabriel"]
[Black "Li, Chao b"]
[Result "1/2-1/2"]
[WhiteTitle "GM"]
[BlackTitle "GM"]
[WhiteElo "2667"]
[BlackElo "2649"]
[WhiteFideId "13300881"]
[BlackFideId "8604436"]
[EventDate "2011.01.14"]

1. d4 Nf6 2. c4 g6 3. Nc3 d5 4. cxd5 Nxd5 5. e4 Nxc3 6. bxc3 Bg7 7. Be3 c5 8.
Rc1 Qa5 9. Qd2 cxd4 10. cxd4 Qxd2+ 11. Bxd2 O-O 12. Nf3 Bg4 13. Be3 Bxf3 14.
gxf3 Nc6 15. d5 Nd4 16. Bh3 f5 17. Kf1 e6 18. dxe6 Nxe6 19. exf5 gxf5 20. Rd1
Rad8 21. Rxd8 Nxd8 22. Kg2 Nc6 23. Rd1 f4 24. Bc1 Ne5 25. Be6+ Kh8 26. h4 b5 27.
h5 h6 28. Rd5 a6 29. Bd2 Nc4 30. Bb4 Re8 31. Bf7 Rc8 32. Bg6 a5 33. Bc5 b4 34.
Bd3 Ne5 35. Be4 Nc4 36. Kh3 Bc3 37. Bf5 Re8 38. Bg6 Rc8 39. Bf5 Re8 40. Bg6 Rc8
41. Bd3 Ne5 42. Be4 Nc4 1/2-1/2

[Event "73rd Tata Steel GMB"]
[Site "Wijk aan Zee NED"]
[Date "2011.01.21"]
[Round "6"]
[White "Navara, David"]
[Black "Ganguly, Surya Shekhar"]
[Result "1-0"]
[WhiteTitle "GM"]
[BlackTitle "GM"]
[WhiteElo "2708"]
[BlackElo "2651"]
[WhiteFideId "309095"]
[BlackFideId "5002150"]
[EventDate "2011.01.14"]

1. e4 e5 2. Nf3 Nc6 3. Bb5 a6 4. Ba4 Nf6 5. O-O b5 6. Bb3 Bc5 7. a4 Rb8 8. c3 d6
9. d4 Bb6 10. a5 Ba7 11. h3 Bb7 12. Be3 Nxe4 13. d5 Bxe3 14. dxc6 Nxf2 15. Qd5
Nxh3+ 16. Kh1 Qf6 17. cxb7 Nf4 18. Qc6+ Kd8 19. Nh2 Qg5 20. Na3 Ne2 21. Rf3 Ng3+
22. Rxg3 Qxg3 23. Bxf7 Bf4 24. Nf3 Qg4 25. Nxb5 Qd7 26. Bd5 g5 27. Rf1 Rf8 28.
Nxg5 Ke7 29. Ne6 Qxc6 30. Bxc6 Kxe6 31. Nxc7+ Ke7 32. Nxa6 Rbd8 33. b8=Q Rxb8
34. Nxb8 Rxb8 35. Rxf4 1-0

[Event "73rd Tata Steel GMB"]
[Site "Wijk aan Zee NED"]
[Date "2011.01.21"]
[Round "6"]
[White "Tkachiev, Vladislav"]
[Black "Sargissian, Gabriel"]
[Result "1/2-1/2"]
[WhiteTitle "GM"]
[BlackTitle "GM"]
[WhiteElo "2636"]
[BlackElo "2667"]
[WhiteFideId "618438"]
[BlackFideId "13300881"]
[EventDate "2011.01.14"]

1. d4 Nf6 2. c4 e6 3. Nc3 Bb4 4. e3 O-O 5. Bd3 d5 6. Ne2 c5 7. cxd5 cxd4 8. exd4
Nxd5 9. O-O Nc6 10. Nxd5 exd5 11. Nf4 Bd6 12. Re1 Qh4 13. g3 Qg4 14. Be2 Qf5 15.
Be3 Bxf4 16. Bxf4 Be6 17. Bd3 Qg4 18. f3 Qh5 19. Be3 Rac8 20. Rc1 Rfe8 21. Rc3
Bd7 22. h4 Re7 23. Kg2 f6 24. Bf2 Rxe1 25. Qxe1 Qf7 26. Qb1 g6 27. b4 Ne7 28.
Qc1 Rxc3 29. Qxc3 a6 30. Qc5 Nc8 31. g4 h5 32. gxh5 gxh5 33. Bg3 Ne7 34. Qc7 Nc6
35. Qb6 Qe7 36. a3 Be8 37. Kf2 Kg7 38. Bc7 f5 39. Bg3 f4 40. Bxf4 Qxh4+ 41. Bg3
Qe7 42. b5 axb5 43. Bxb5 Kg8 44. Bxc6 Bxc6 45. Qb1 Qg5 1/2-1/2

[Event "73rd Tata Steel GMB"]
[Site "Wijk aan Zee NED"]
[Date "2011.01.21"]
[Round "6"]
[White "McShane, Luke J"]
[Black "Wojtaszek, Radoslaw"]
[Result "1-0"]
[WhiteTitle "GM"]
[BlackTitle "GM"]
[WhiteElo "2664"]
[BlackElo "2726"]
[WhiteFideId "404853"]
[BlackFideId "1118358"]
[EventDate "2011.01.14"]

1. e4 c5 2. Nc3 d6 3. f4 g6 4. Nf3 Bg7 5. Bb5+ Bd7 6. Bc4 Nc6 7. d3 Na5 8. O-O
Nh6 9. Qe1 Nxc4 10. dxc4 f5 11. e5 Be6 12. b3 Nf7 13. exd6 Qxd6 14. Bb2 O-O 15.
Rf2 Rae8 16. Nb5 Qb6 17. Bxg7 Kxg7 18. a4 a5 19. Rd1 Bc8 20. Re2 e6 21. Ng5 Rd8
22. Rxd8 Rxd8 23. Nxe6+ Bxe6 24. Rxe6 Rd1 25. Rxg6+ hxg6 26. Qxd1 Qe6 27. Kf2 g5
28. Qd5 Qh6 29. fxg5 Qh4+ 30. Ke2 Qxh2 31. Qxb7 Kg6 32. Qc6+ Kxg5 33. Qf3 f4 34.
Qh3 Qg1 35. Nc3 Nd6 36. Qf3 Qc1 37. Kd3 Qg1 38. Qxf4+ 1-0

[Event "73rd Tata Steel GMB"]
[Site "Wijk aan Zee NED"]
[Date "2011.01.21"]
[Round "6"]
[White "Fressinet, Laurent"]
[Black "So, Wesley"]
[Result "0-1"]
[WhiteTitle "GM"]
[BlackTitle "GM"]
[WhiteElo "2707"]
[BlackElo "2673"]
[WhiteFideId "608742"]
[BlackFideId "5202213"]
[EventDate "2011.01.14"]

1. Nf3 Nf6 2. c4 g6 3. Nc3 d5 4. cxd5 Nxd5 5. Qb3 Nb6 6. d4 Bg7 7. e4 Bg4 8. Be3
Bxf3 9. gxf3 Bxd4 10. O-O-O e5 11. h4 Bxe3+ 12. fxe3 Qf6 13. h5 g5 14. f4 exf4
15. Nd5 Nxd5 16. Rxd5 Nc6 17. Rg1 h6 18. Bc4 Ne7 19. Rdd1 O-O 20. Rdf1 b5 21.
Qxb5 Rab8 22. e5 Rxb5 23. exf6 Rc5 24. b3 Nf5 25. exf4 Ne3 26. Rf2 Kh7 27. Kb2
Nxc4+ 28. bxc4 Rf5 29. Kc3 Rxf6 30. f5 Re8 31. Rd1 Re5 32. Rd5 Re3+ 33. Kd4 Rh3
34. Rd7 Rxh5 35. Rxc7 g4 36. Ke4 Rg5 37. c5 g3 38. Rg2 h5 39. Rxa7 h4 40. Ra3 h3
41. Raxg3 Rxg3 42. Rxg3 h2 0-1

[Event "73rd Tata Steel GMB"]
[Site "Wijk aan Zee NED"]
[Date "2011.01.21"]
[Round "6"]
[White "Spoelman, Wouter"]
[Black "Efimenko, Zahar"]
[Result "0-1"]
[WhiteTitle "GM"]
[BlackTitle "GM"]
[WhiteElo "2547"]
[BlackElo "2701"]
[WhiteFideId "1010891"]
[BlackFideId "14107201"]
[EventDate "2011.01.14"]

1. d4 Nf6 2. c4 e6 3. Nc3 Bb4 4. f3 c5 5. d5 O-O 6. e4 Re8 7. Ne2 d6 8. Bf4 exd5
9. cxd5 Nh5 10. Qd2 Nxf4 11. Nxf4 Nd7 12. Be2 Ne5 13. O-O Qg5 14. Rfd1 c4 15.
Kh1 Bd7 16. Bf1 Rac8 17. a3 Bc5 18. Nfe2 Nd3 19. h3 Be3 20. Qc2 Nf2+ 21. Kh2
Nxd1 22. Rxd1 f5 23. Kh1 f4 24. Rb1 Qe5 25. b3 cxb3 26. Qxb3 Bb6 27. Na2 Qf6 28.
Nac1 Rc7 29. Nd3 Be3 30. e5 Rxe5 31. Nxe5 Qxe5 32. Re1 g5 33. g4 b6 34. Rd1 Rc5
35. Kg2 Be8 36. Qd3 Ba4 37. Re1 b5 0-1

[Event "73rd Tata Steel GMB"]
[Site "Wijk aan Zee NED"]
[Date "2011.01.21"]
[Round "6"]
[White "Nijboer, Friso"]
[Black "Le, Quang Liem"]
[Result "0-1"]
[WhiteTitle "GM"]
[BlackTitle "GM"]
[WhiteElo "2584"]
[BlackElo "2664"]
[WhiteFideId "1000063"]
[BlackFideId "12401137"]
[EventDate "2011.01.14"]

1. e4 c5 2. Nf3 d6 3. d4 cxd4 4. Nxd4 Nf6 5. Nc3 a6 6. Be2 e6 7. O-O Be7 8. f4
O-O 9. Kh1 Qc7 10. a4 Nc6 11. Be3 Re8 12. Qd2 Bd7 13. Nf3 Rad8 14. Bd3 Bc8 15.
Qe2 Nd7 16. f5 Nf6 17. fxe6 Bxe6 18. Ng5 Ne5 19. a5 Rc8 20. Na4 Bg4 21. Qe1 d5
22. Nb6 Rcd8 23. Bf4 Bd6 24. Qf2 h6 25. Bxe5 Bxe5 26. Nf3 dxe4 27. Nxe5 Qxe5 28.
Bc4 e3 29. Qh4 e2 0-1

[Event "73rd Tata Steel GMB"]
[Site "Wijk aan Zee NED"]
[Date "2011.01.23"]
[Round "8"]
[White "Wojtaszek, Radoslaw"]
[Black "Le, Quang Liem"]
[Result "1-0"]
[WhiteTitle "GM"]
[BlackTitle "GM"]
[WhiteElo "2726"]
[BlackElo "2664"]
[WhiteFideId "1118358"]
[BlackFideId "12401137"]
[EventDate "2011.01.14"]

1. d4 d5 2. c4 c6 3. Nc3 Nf6 4. e3 g6 5. Nf3 Bg7 6. h3 O-O 7. Bd3 c5 8. O-O cxd4
9. exd4 Nc6 10. a3 Bf5 11. Bxf5 gxf5 12. c5 Ne4 13. Qd3 e6 14. b4 Kh8 15. Bf4
Qf6 16. Ne2 Rg8 17. Rad1 a6 18. Qe3 Qg6 19. Ne1 Rae8 20. f3 Nf6 21. Qf2 Nh5 22.
Bc1 Bf6 23. g4 Bd8 24. Ng2 Ng7 25. Nef4 Qf6 26. g5 Qe7 27. Rfe1 Qd7 28. Qh4 Ref8
29. Qh6 Ne8 30. g6 fxg6 31. Nxg6+ Rxg6 32. Qxf8+ Rg8 33. Qh6 Bf6 34. Kh1 Qf7 35.
Be3 Rg3 36. Nf4 Ne7 37. Kh2 Rxf3 38. Qh5 Qxh5 39. Nxh5 Ng6 40. Bh6 Kg8 41. Rxe6
Be7 42. Rde1 Kf7 43. Rb6 Nc7 44. Rxb7 Ne6 45. Re3 Rf2+ 46. Kg1 Rc2 47. Nf4 Ngxf4
48. Bxf4 Nxf4 49. Rbxe7+ Kf6 50. a4 Nxh3+ 51. Rxh3 Kxe7 52. b5 axb5 53. axb5 f4
54. b6 Rb2 55. Rxh7+ Ke6 56. Rh5 Rb4 57. Re5+ Kf6 58. Rxd5 Ke6 59. Re5+ Kf6 60.
c6 Rxb6 61. c7 1-0

[Event "73rd Tata Steel GMB"]
[Site "Wijk aan Zee NED"]
[Date "2011.01.23"]
[Round "8"]
[White "Fressinet, Laurent"]
[Black "Navara, David"]
[Result "1/2-1/2"]
[WhiteTitle "GM"]
[BlackTitle "GM"]
[WhiteElo "2707"]
[BlackElo "2708"]
[WhiteFideId "608742"]
[BlackFideId "309095"]
[EventDate "2011.01.14"]

1. d4 Nf6 2. c4 g6 3. Nc3 d5 4. cxd5 Nxd5 5. e4 Nxc3 6. bxc3 Bg7 7. Nf3 c5 8.
Bb5+ Nc6 9. O-O cxd4 10. cxd4 O-O 11. Be3 Bg4 12. Bxc6 bxc6 13. Rc1 Qa5 14. Qd2
Qxd2 15. Nxd2 Rfd8 16. Nb3 a5 17. f3 Be6 18. Nc5 Bxa2 19. Rf2 Be6 20. Nxe6 fxe6
21. e5 Ra6 22. Ra2 a4 23. Rc4 a3 24. Rc3 Rb8 25. Rcxa3 Rxa3 26. Rxa3 Rb1+ 27.
Kf2 Rb2+ 28. Kg3 c5 29. dxc5 Bxe5+ 30. f4 Bf6 31. Kf3 Kf7 32. h3 Rb4 33. Ra2 1/2-1/2

[Event "73rd Tata Steel GMB"]
[Site "Wijk aan Zee NED"]
[Date "2011.01.23"]
[Round "8"]
[White "Spoelman, Wouter"]
[Black "So, Wesley"]
[Result "0-1"]
[WhiteTitle "GM"]
[BlackTitle "GM"]
[WhiteElo "2547"]
[BlackElo "2673"]
[WhiteFideId "1010891"]
[BlackFideId "5202213"]
[EventDate "2011.01.14"]

1. d4 Nf6 2. c4 e6 3. Nc3 Bb4 4. e3 b6 5. Ne2 c5 6. a3 Ba5 7. Rb1 Na6 8. g3 Bb7
9. d5 b5 10. Bg2 bxc4 11. O-O O-O 12. e4 d6 13. Qa4 exd5 14. exd5 Bxc3 15. bxc3
Qc8 16. Nf4 Nc7 17. Bh3 Qb8 18. Qd1 Re8 19. Re1 Rxe1+ 20. Qxe1 Ncxd5 21. Nxd5
Nxd5 22. Rxb7 Qxb7 23. Bg2 Rb8 24. Qd2 Qb1 25. Bxd5 Qd3 26. Qxd3 cxd3 27. Kg2
Rb1 28. Bd2 Rb2 29. Bf4 d2 30. Bf3 d5 31. Be3 d4 32. cxd4 c4 33. d5 c3 34. d6
Rb1 0-1

[Event "73rd Tata Steel GMB"]
[Site "Wijk aan Zee NED"]
[Date "2011.01.23"]
[Round "8"]
[White "Tkachiev, Vladislav"]
[Black "Efimenko, Zahar"]
[Result "1-0"]
[WhiteTitle "GM"]
[BlackTitle "GM"]
[WhiteElo "2636"]
[BlackElo "2701"]
[WhiteFideId "618438"]
[BlackFideId "14107201"]
[EventDate "2011.01.14"]

1. Nf3 Nf6 2. c4 e6 3. g3 d5 4. Bg2 dxc4 5. Qa4+ Nbd7 6. Qxc4 c5 7. Qb3 Be7 8.
O-O O-O 9. Nc3 Nb6 10. Rd1 c4 11. Qc2 Nbd5 12. d3 cxd3 13. Rxd3 Bd7 14. Qb3 Nxc3
15. bxc3 Qa5 16. Bf4 Bc6 17. Ne5 Bxg2 18. Kxg2 Qa6 19. a4 Rfc8 20. Qb5 Qxb5 21.
axb5 Rc5 22. b6 a5 23. Nd7 Rd5 24. Rxd5 exd5 25. Ne5 a4 26. Be3 Ne4 27. Bd4 Nd2
28. Nc6 Bf8 29. Ra2 Nb3 30. Na7 a3 31. Be3 Re8 32. Nb5 Re4 33. Kf1 Ra4 34. Ke1
Ra5 35. Nc7 Bc5 36. Bxc5 Nxc5 37. Nxd5 Ne4 38. c4 f5 39. f3 Nd6 40. Ne3 g5 41.
c5 Rxc5 42. Rxa3 Kf7 43. Ra8 Rb5 44. Rh8 Kg6 45. Rg8+ Kf6 46. Rd8 Ke6 47. Rh8
Nf7 48. Re8+ Kd7 49. Rf8 Ke6 50. Kf2 h6 51. Rg8 Kf6 52. h4 gxh4 53. gxh4 h5 54.
Ng2 Rxb6 55. Nf4 Nd6 56. Nxh5+ Ke5 57. Rg7 Nb5 58. Re7+ Kd4 59. Nf4 Kc4 60. h5
Nd4 61. Rc7+ Kb3 62. Kg3 Nb5 63. Rc1 Rd6 64. Kh4 Nc3 65. Kg5 b5 66. h6 b4 67. h7
Rd8 68. Rh1 Rh8 69. e3 Kc4 70. Ng6 1-0

[Event "73rd Tata Steel GMB"]
[Site "Wijk aan Zee NED"]
[Date "2011.01.23"]
[Round "8"]
[White "Li, Chao b"]
[Black "Ganguly, Surya Shekhar"]
[Result "1/2-1/2"]
[WhiteTitle "GM"]
[BlackTitle "GM"]
[WhiteElo "2649"]
[BlackElo "2651"]
[WhiteFideId "8604436"]
[BlackFideId "5002150"]
[EventDate "2011.01.14"]

1. c4 e5 2. Nc3 Nf6 3. Nf3 Nc6 4. g3 d5 5. cxd5 Nxd5 6. Bg2 Nb6 7. a3 Be7 8. b4
Be6 9. O-O O-O 10. Rb1 f6 11. d3 Nd4 12. Nd2 Nd5 13. Bb2 Nxc3 14. Bxc3 c6 15.
Bxd4 Qxd4 16. Nb3 Qc3 17. Qc1 Qxc1 18. Rfxc1 Rad8 19. Na5 Rb8 20. h4 Rfc8 21.
Bf3 Kf7 22. Kg2 a6 23. h5 Rc7 24. Be4 g6 25. Bf3 Rbc8 26. a4 Ba2 27. Rb2 Bd5 28.
hxg6+ hxg6 29. Bxd5+ cxd5 30. Rxc7 Rxc7 31. b5 Bc5 32. Rc2 axb5 33. axb5 Bb6 34.
Rxc7+ Bxc7 35. Nb3 Bb6 36. f4 Ke6 37. e4 Kd6 38. Kf3 Bd8 39. Ke2 Kc7 40. fxe5
fxe5 41. d4 Bf6 42. exd5 Kd6 43. dxe5+ Bxe5 44. Na5 1/2-1/2

[Event "73rd Tata Steel GMB"]
[Site "Wijk aan Zee NED"]
[Date "2011.01.23"]
[Round "8"]
[White "Nijboer, Friso"]
[Black "Hammer, Jon Ludvig"]
[Result "1/2-1/2"]
[WhiteTitle "GM"]
[BlackTitle "GM"]
[WhiteElo "2584"]
[BlackElo "2647"]
[WhiteFideId "1000063"]
[BlackFideId "1503707"]
[EventDate "2011.01.14"]

1. e4 e5 2. Nf3 Nc6 3. Bb5 Nf6 4. d3 Bc5 5. c3 O-O 6. O-O d6 7. Nbd2 Bb6 8. Nc4
Ne7 9. Ba4 Ng6 10. h3 h6 11. Bc2 Be6 12. a4 Bxc4 13. dxc4 a5 14. g3 c6 15. Kg2
Re8 16. Qe2 Qc7 17. Nh2 Nf8 18. Bd2 Rad8 19. Rad1 d5 20. cxd5 cxd5 21. exd5 Rxd5
22. Ng4 N8h7 23. Bb3 Rd7 24. Nxf6+ Nxf6 25. Qb5 Red8 26. Bc1 Rxd1 27. Rxd1 Rxd1
28. Bxd1 g5 29. Bf3 Kg7 30. Qd3 Qe7 31. Be4 Qc5 32. Be3 Qc7 33. Bd2 Bc5 34. b4
Be7 35. Bf3 b6 36. bxa5 bxa5 37. Be3 Ba3 38. Kf1 Qd7 39. Qxd7 Nxd7 40. Bc6 Nc5
41. g4 Kf8 42. h4 gxh4 43. Bxh6+ Ke7 44. Be3 Kd6 45. Be8 Ke7 46. Bb5 Ne4 47. Bb6
Bc5 48. Bxa5 Nxf2 49. Bb4 Bxb4 50. cxb4 Nxg4 51. a5 Kd6 52. Kg2 Ne3+ 53. Kh3 f5
54. Kxh4 Nc2 55. a6 Kc7 56. a7 Kb7 57. Bd3 Nd4 58. Kg5 e4 59. Bxe4+ fxe4 60. Kf4
Nc6 1/2-1/2

[Event "73rd Tata Steel GMB"]
[Site "Wijk aan Zee NED"]
[Date "2011.01.25"]
[Round "9"]
[White "Hammer, Jon Ludvig"]
[Black "McShane, Luke J"]
[Result "1/2-1/2"]
[WhiteTitle "GM"]
[BlackTitle "GM"]
[WhiteElo "2647"]
[BlackElo "2664"]
[WhiteFideId "1503707"]
[BlackFideId "404853"]
[EventDate "2011.01.14"]

1. d4 Nf6 2. c4 g6 3. g3 Bg7 4. Bg2 O-O 5. Nc3 d6 6. Nf3 Nc6 7. O-O Rb8 8. e4 a6
9. d5 Na5 10. c5 dxc5 11. e5 Ne8 12. Qa4 b6 13. Qh4 f6 14. Rd1 Nb7 15. Be3 fxe5
16. Ng5 Nf6 17. Nce4 h5 18. Ne6 Bxe6 19. dxe6 Nd6 20. Nxf6+ exf6 21. Bc6 Qe7 22.
g4 hxg4 23. Qxg4 f5 24. Qxg6 Rf6 25. Qh5 f4 26. Bd2 Rh6 27. Qf3 Kh8 28. Kh1 Qxe6
29. Qd5 Ne4 30. Qxe4 Qxc6 31. Qxc6 Rxc6 32. Bc3 Rd6 33. Rg1 Bf6 34. Rg6 Kh7 35.
Rag1 Re8 36. R1g4 b5 37. a3 Re7 38. Kg2 Rg7 39. Rxg7+ Bxg7 40. Kf3 Rh6 41. Rg2
c6 42. Ke4 Rh5 43. f3 c4 44. Bb4 Bf6 45. Ba5 Kh6 46. Bb6 Rg5 47. Rd2 Kg6 48. h4
Rg3 49. Bd8 Bxd8 50. Rxd8 Rh3 51. Rc8 Rxh4 52. Kxe5 c5 53. Rc6+ Kf7 54. Rxa6 Rh2
55. Rc6 Rxb2 56. Rxc5 Ke7 57. a4 Re2+ 58. Kxf4 Kd6 59. Rc8 bxa4 60. Rxc4 a3 61.
Ra4 a2 62. Kg5 Ke6 63. Ra6+ Kd5 64. f4 Rg2+ 65. Kf6 Ke4 66. f5 Rf2 67. Ke6 Kd4
68. f6 Kc3 69. f7 Kb2 70. Ke7 a1=Q 71. Rxa1 Kxa1 72. f8=Q Rxf8 73. Kxf8 1/2-1/2

[Event "73rd Tata Steel GMB"]
[Site "Wijk aan Zee NED"]
[Date "2011.01.25"]
[Round "9"]
[White "Efimenko, Zahar"]
[Black "Nijboer, Friso"]
[Result "1/2-1/2"]
[WhiteTitle "GM"]
[BlackTitle "GM"]
[WhiteElo "2701"]
[BlackElo "2584"]
[WhiteFideId "14107201"]
[BlackFideId "1000063"]
[EventDate "2011.01.14"]

1. e4 d6 2. d4 g6 3. Nc3 Bg7 4. Be3 a6 5. Qd2 b5 6. f3 c6 7. a4 b4 8. Nd1 a5 9.
Bd3 Nd7 10. Ne2 Ngf6 11. Bh6 Bxh6 12. Qxh6 e5 13. c3 bxc3 14. bxc3 Ng8 15. Qd2
Ngf6 16. O-O O-O 17. Ne3 d5 18. Ng3 Ba6 19. Bxa6 Rxa6 20. dxe5 Nxe5 21. f4 Neg4
22. Nxg4 Nxg4 23. h3 Qb6+ 24. Kh1 Qe3 25. Qe1 Qxe1 26. Raxe1 Nf6 27. f5 Nd7 28.
exd5 cxd5 29. Re7 Rd6 30. Rf4 Kg7 31. Rd4 Nb6 32. Ra7 Rc6 33. Ra6 Ra8 34. Rxa8
Nxa8 35. Rxd5 Rxc3 36. f6+ Kh6 37. Ne4 Rc6 38. Nf2 g5 39. Ng4+ Kh5 40. Rxa5 Nb6
41. Ra7 Rc1+ 42. Kh2 Kg6 43. Ra6 Nd7 44. a5 Ra1 45. Rd6 h5 46. Ne3 Nc5 47. Nc4
Ne4 48. Rd4 Nxf6 49. Rd6 Kg7 50. a6 Ne4 51. Rd4 Nf6 52. Rd6 Ne4 53. Rd4 Nf6 1/2-1/2

[Event "73rd Tata Steel GMB"]
[Site "Wijk aan Zee NED"]
[Date "2011.01.25"]
[Round "9"]
[White "Sargissian, Gabriel"]
[Black "Wojtaszek, Radoslaw"]
[Result "1-0"]
[WhiteTitle "GM"]
[BlackTitle "GM"]
[WhiteElo "2667"]
[BlackElo "2726"]
[WhiteFideId "13300881"]
[BlackFideId "1118358"]
[EventDate "2011.01.14"]

1. d4 Nf6 2. c4 e6 3. Nf3 d5 4. g3 Bb4+ 5. Bd2 Be7 6. Bg2 O-O 7. O-O c6 8. Qc2
Nbd7 9. Rd1 b6 10. Bf4 Bb7 11. Ne5 Nh5 12. Bd2 Nhf6 13. cxd5 cxd5 14. Nc6 Bxc6
15. Qxc6 Rc8 16. Qb5 Nb8 17. e3 a6 18. Qe2 Qd7 19. Nc3 b5 20. a4 b4 21. Na2 Qxa4
22. Nxb4 Qb3 23. Qd3 Qxd3 24. Nxd3 Rc6 25. b4 Ne4 26. Be1 Nd6 27. Ra4 Nb5 28.
Nc5 Nc7 29. Bf1 Rb6 30. Rda1 g6 31. Bd3 h5 32. h3 Bd6 33. Kg2 Kg7 34. f3 Be7 35.
g4 hxg4 36. hxg4 Bd6 37. g5 Rh8 38. f4 Re8 39. Bc3 Rc8 40. Bd2 Re8 41. Be2 Rh8
42. Bxa6 Nbxa6 43. Nxa6 Nxa6 44. Rxa6 Rhb8 45. b5 Be7 46. Ba5 Rxb5 47. Bc7 Rb2+
48. Kf3 Rf8 49. Ra7 Kg8 50. Be5 1-0